000 00317nam a22001337a 4500
008 170605b xxu||||| |||| 00| 0 eng d
020 _a9781933821085
041 _aeng
080 _a94(7/8)
100 _a18
101 _aSHH
245 _aTHE MOST NOTORIOUS CRIMEIN AMERICAN HISTORY
_cBOOTH, J.W
942 _2udc
_cBK
999 _c15963
_d15963